[Event "300th YMCA Spring A"]
[Site "Warsaw"]
[Date "2025.04.25"]
[Round "1"]
[White "Borowy, Cezary"]
[Black "Korsun, Wadym"]
[Result "1-0"]
[WhiteElo "2027"]
[BlackElo "1867"]
[PlyCount "61"]
[EventDate "2025.04.25"]
[EventType "tourn"]
[EventRounds "1"]
[EventCountry "POL"]
[SourceDate "2025.04.24"]

1. d4 Nf6 2. c4 d6 3. Nc3 g6 4. e4 Bg7 5. Be2 Nbd7 6. Bg5 c5 7. d5 O-O 8. Qd2
b5 9. cxb5 a6 10. Nf3 Re8 11. O-O axb5 12. Bxb5 Ba6 13. a4 Ng4 14. Qe2 Bxb5 15.
axb5 Nb6 16. Nd2 Rxa1 17. Rxa1 Ne5 18. f4 Ned7 19. Nb3 Qc7 20. Na5 Bd4+ 21. Kh1
f6 22. Bh4 Ra8 23. Qd1 Kf7 24. Nc6 Rxa1 25. Qxa1 Be3 26. Qd1 h5 27. Qf3 Bc1 28.
f5 Ne5 29. fxg6+ Kxg6 30. Qf5+ Kh6 31. Ne2 1-0

[Event "300th YMCA Spring A"]
[Site "Warsaw"]
[Date "2025.04.25"]
[Round "1"]
[White "Choroszej, Aleksander"]
[Black "Rozycki, Bartlomiej"]
[Result "0-1"]
[WhiteElo "2033"]
[BlackElo "2113"]
[PlyCount "62"]
[EventDate "2025.04.25"]
[EventType "tourn"]
[EventRounds "1"]
[EventCountry "POL"]
[SourceDate "2025.04.24"]

1. d4 d5 2. c4 e6 3. Nc3 Nf6 4. Nf3 a6 5. cxd5 exd5 6. Qb3 Ra7 7. Bg5 Be6 8. e3
Be7 9. Bd3 O-O 10. O-O h6 11. Bh4 c5 12. Qc2 c4 13. Bf5 Nc6 14. Ne5 Nxe5 15.
dxe5 Nd7 16. Bg3 Nc5 17. Rad1 b5 18. Nxd5 Bxd5 19. e4 Nxe4 20. Bxe4 Rd7 21.
Bh7+ Kh8 22. Bf5 Be6 23. Bxe6 fxe6 24. b3 Rd4 25. Rxd4 Qxd4 26. Rd1 Qc5 27.
bxc4 bxc4 28. Rc1 Rc8 29. Bf4 c3 30. Qg6 c2 31. Qxe6 Qc4 0-1

[Event "300th YMCA Spring A"]
[Site "Warsaw"]
[Date "2025.04.25"]
[Round "1"]
[White "Flis, Piotr"]
[Black "Mazurek, Jerzy"]
[Result "1/2-1/2"]
[WhiteElo "2072"]
[BlackElo "1895"]
[PlyCount "29"]
[EventDate "2025.04.25"]
[EventType "tourn"]
[EventRounds "1"]
[EventCountry "POL"]
[SourceDate "2025.04.24"]

1. d4 d5 2. Nf3 e6 3. e3 c5 4. c4 dxc4 5. Bxc4 Nf6 6. O-O Nc6 7. Nc3 a6 8. a4
cxd4 9. exd4 Nb4 10. Ne5 Be7 11. Re1 O-O 12. Re3 Qc7 13. Bb3 Rd8 14. Rh3 Nc6
15. Nxc6 $11 1/2-1/2

[Event "300th YMCA Spring A"]
[Site "Warsaw"]
[Date "2025.05.08"]
[Round "1"]
[White "Polak, Michal"]
[Black "Sternik, Piotr"]
[Result "1-0"]
[WhiteElo "2031"]
[BlackElo "1901"]
[PlyCount "59"]
[EventDate "2025.04.25"]
[EventType "tourn"]
[EventRounds "1"]
[EventCountry "POL"]
[SourceDate "2025.04.24"]

1. d4 Nf6 2. Nf3 e6 3. g3 c5 4. Bg2 Nc6 5. O-O cxd4 6. Nxd4 Bc5 7. Nb3 Bb6 8.
c4 a5 9. c5 Bc7 10. Nc3 O-O 11. Nb5 Bb8 12. a4 Ne8 13. Be3 f5 14. Qd2 Qf6 15.
f4 e5 16. fxe5 Bxe5 17. Bg5 Qg6 18. Bf4 Kh8 19. Bxe5 Nxe5 20. e4 d6 21. Nxd6
Nxd6 22. Qxd6 Qxd6 23. cxd6 Nc4 24. Rfd1 b6 25. e5 Ra7 26. Re1 Re8 27. Rac1 Ba6
28. Bc6 Rxe5 29. Rxe5 Nxe5 30. Re1 1-0

[Event "300th YMCA Spring A"]
[Site "Warsaw"]
[Date "2025.04.25"]
[Round "1"]
[White "Lewandrowski, Tomasz"]
[Black "Moskwinski, Marek"]
[Result "0-1"]
[WhiteElo "1992"]
[BlackElo "1890"]
[PlyCount "126"]
[EventDate "2025.04.25"]
[EventType "tourn"]
[EventRounds "1"]
[EventCountry "POL"]
[SourceDate "2025.04.24"]

1. d4 d5 2. Nc3 Nf6 3. Bf4 a6 4. e3 e6 5. a3 c5 6. Nf3 Nc6 7. h4 b5 8. Ne5 Nxe5
9. Bxe5 Bd7 10. dxc5 Bxc5 11. Bd3 Rc8 12. Ne2 Bc6 13. c3 O-O 14. Nd4 Bb7 15.
O-O Bxd4 16. exd4 Ne4 17. Qg4 g6 18. f3 Nf6 19. Qg5 Nd7 20. Qxd8 Rfxd8 21. Bg3
Nb6 22. h5 Nc4 23. hxg6 hxg6 24. Bh4 Rd6 25. Bxc4 bxc4 26. Bf6 Rb6 27. Rf2 Kf8
28. g4 Bc6 29. Rh2 Ke8 30. Re1 Rcb8 31. Ree2 Ba4 32. Rh8+ Kd7 33. Rxb8 Rxb8 34.
Kf2 Kc6 35. Ke3 Bd1 36. Rd2 Ba4 37. Rh2 Rb7 38. Kf4 Bd1 39. Rd2 Bb3 40. Ke5 Ba2
41. Bg5 Bb1 42. Kf6 Kb5 43. Bf4 Ka4 44. Bd6 Kb3 45. a4 Kxa4 46. Rh2 Kb3 47. Ba3
Bd3 48. f4 Ka2 49. Ke5 a5 50. Kd6 a4 51. Bb4 Kb3 52. Kc5 Bc2 53. Ba3 Bd1 54. g5
Bc2 55. Kc6 Rb8 56. Rh7 Ka2 57. Rxf7 Rxb2 58. Bc5 Rb3 59. Bb4 Kb2 60. Kd6 Bf5
61. Rxf5 exf5 62. Kxd5 Rxb4 63. cxb4 c3 0-1

[Event "300th YMCA Spring A"]
[Site "Warsaw"]
[Date "2025.05.15"]
[Round "2"]
[White "Sternik, Piotr"]
[Black "Lewandrowski, Tomasz"]
[Result "0-1"]
[WhiteElo "1901"]
[BlackElo "1992"]
[PlyCount "122"]
[EventDate "2025.04.25"]
[EventType "tourn"]
[EventRounds "1"]
[EventCountry "POL"]
[SourceDate "2025.04.24"]

1. d4 d5 2. c4 e6 3. Nf3 Nf6 4. Nc3 Be7 5. g3 O-O 6. Bg2 c6 7. O-O Nbd7 8. Qc2
b6 9. Rd1 Bb7 10. e4 dxc4 11. Nd2 b5 12. a4 a6 13. Nf1 Qc8 14. Ne3 Rd8 15. e5
Nd5 16. Nexd5 cxd5 17. axb5 axb5 18. Rxa8 Qxa8 19. Nxb5 Bc6 20. Nc3 Rb8 21. f4
Bb4 22. Rf1 Qa7 23. Qd2 f5 24. exf6 Nxf6 25. Qe3 Re8 26. h3 $11 Ba5 27. Kh2 Bb6
28. Ne2 Ba4 29. Qc3 Ba5 30. Qa3 Bc2 31. Bd2 Bb6 32. Qxa7 Bxa7 33. Bc3 Bb6 34.
Ra1 Bd3 35. Nc1 Be4 36. Ne2 h5 37. Ra6 Rb8 38. Ng1 Bf5 39. Nf3 Ne4 40. Ne5 Nxc3
41. bxc3 Bc7 42. Nc6 Re8 43. Ra7 Bd6 44. Rd7 Ba3 45. Ra7 Bb2 46. Ne7+ Rxe7 47.
Rxe7 Bxc3 48. g4 hxg4 49. hxg4 Bxg4 50. Bh3 Bxh3 51. Kxh3 Bxd4 52. Rxe6 Bb2 53.
Rc6 c3 54. Kg2 d4 55. Kf3 d3 56. Ke3 c2 57. Kd2 Kf7 58. f5 Ba3 59. f6 g5 60.
Rc3 Bb4 61. Kc1 d2+ 0-1

[Event "300th YMCA Spring A"]
[Site "Warsaw"]
[Date "2025.05.22"]
[Round "2"]
[White "Mazurek, Jerzy"]
[Black "Polak, Michal"]
[Result "0-1"]
[WhiteElo "1895"]
[BlackElo "2031"]
[PlyCount "68"]
[EventDate "2025.04.25"]
[EventType "tourn"]
[EventRounds "1"]
[EventCountry "POL"]
[SourceDate "2025.04.24"]

1. e4 c5 2. Nf3 Nc6 3. d4 cxd4 4. Nxd4 g6 5. Nc3 Bg7 6. Nb3 Bxc3+ 7. bxc3 Nf6
8. Bd3 O-O 9. c4 d6 10. O-O Be6 11. f4 Rc8 12. Qe2 Na5 13. Nxa5 Qxa5 14. f5
Bxc4 15. Bg5 Qc5+ 16. Kh1 b5 17. Bxf6 exf6 18. a4 Bxd3 19. cxd3 b4 20. fxg6
fxg6 21. Qa2+ Kg7 22. a5 Rc7 23. h3 Rb8 24. Rab1 a6 25. Rb3 Rb5 26. Ra1 Qd4 27.
Rab1 Qe3 28. Qb2 Rbc5 29. Rf1 Qg5 30. Rxb4 Rc2 31. Rf2 Rxb2 32. Rfxb2 Rc1+ 33.
Kh2 Qf4+ 34. g3 Qf1 0-1

[Event "300th YMCA Spring A"]
[Site "Warsaw"]
[Date "2025.05.08"]
[Round "2"]
[White "Rozycki, Bartlomiej"]
[Black "Flis, Piotr"]
[Result "0-1"]
[WhiteElo "2113"]
[BlackElo "2072"]
[PlyCount "222"]
[EventDate "2025.04.25"]
[EventType "tourn"]
[EventRounds "1"]
[EventCountry "POL"]
[SourceDate "2025.04.24"]

1. d4 d5 2. c4 c6 3. Nf3 Nf6 4. Nc3 dxc4 5. a4 Bf5 6. Ne5 Nbd7 7. Nxc4 Qc7 8.
g3 e5 9. dxe5 Nxe5 10. Bf4 Nfd7 11. Bg2 g5 12. Nxe5 gxf4 13. Nf3 Bc5 14. Qd2
fxg3 15. hxg3 O-O-O 16. Qf4 Bg6 17. Qxc7+ Kxc7 18. Rc1 a5 19. O-O Rhe8 20. Rfd1
Kb8 21. Kf1 Nb6 22. Rxd8+ Rxd8 23. Ne5 Bd4 24. Nxg6 Bxc3 25. Ne7 Bxb2 26. Rb1
Nc4 27. Kg1 Rd2 28. Be4 Na3 29. Re1 c5 30. Kg2 c4 31. Rh1 c3 32. Rxh7 c2 33.
Bxc2 Nxc2 34. Rxf7 Rxe2 35. Nf5 Ba3 36. g4 Bc5 37. Ng3 Re7 38. Rf5 b6 39. g5
Nd4 40. Rf6 b5 41. axb5 a4 42. g6 a3 43. Ra6 Ne6 44. Nf5 Re8 45. Kf3 Nc7 46.
Ra4 Ne6 47. Ra6 Nc7 48. Ra4 Rg8 49. g7 Ne6 50. Ke4 Nxg7 51. Kd5 Bxf2 52. Nxg7
Rxg7 53. Rxa3 Rc7 54. Rf3 Bb6 55. Kd6 Kb7 56. Rf5 Rh7 57. Rg5 Be3 58. Rf5 Kb6
59. Rf3 Bc5+ 60. Kd5 Rd7+ 61. Ke4 Rd6 62. Rb3 Rd1 63. Ke5 Re1+ 64. Kd5 Rd1+ 65.
Ke5 Rd8 66. Ke4 Rh8 67. Rb1 Rh3 68. Kd5 Rd3+ 69. Ke4 Rd4+ 70. Ke5 Rh4 71. Kd5
Rg4 72. Ke5 Rg5+ 73. Ke4 Rh5 74. Kf4 Rh2 75. Ke4 Rh7 76. Kd5 Rd7+ 77. Ke4 Rd6
78. Ke5 Rh6 79. Kd5 Rd6+ 80. Ke5 Rd2 81. Ke4 Ka5 82. b6 Bxb6 83. Ra1+ Kb5 84.
Rb1+ Kc6 85. Rc1+ Kd6 86. Rb1 Rd4+ 87. Kf3 Bc5 88. Rb8 Ke5 89. Rc8 Rf4+ 90. Ke2
Bd4 91. Kd3 Rf3+ 92. Ke2 Ra3 93. Re8+ Kf4 94. Kd2 Be5 95. Kc2 Rc3+ 96. Kd2 Ra3
97. Kc2 Ke4 98. Rd8 Rc3+ 99. Kd2 Rb3 100. Re8 Rb2+ 101. Kc1 Rg2 102. Kd1 Kf4
103. Kc1 Ke4 104. Kd1 Kd4 105. Ke1 Ra2 106. Kf1 Bf4 107. Re7 Be3 108. Re8 Kd3
109. Re7 Rf2+ 110. Ke1 Rf5 111. Re8 Bd2+ 0-1

[Event "300th YMCA Spring A"]
[Site "Warsaw"]
[Date "2025.05.14"]
[Round "2"]
[White "Korsun, Wadym"]
[Black "Choroszej, Aleksander"]
[Result "1/2-1/2"]
[WhiteElo "1867"]
[BlackElo "2033"]
[PlyCount "74"]
[EventDate "2025.04.25"]
[EventType "tourn"]
[EventRounds "1"]
[EventCountry "POL"]
[SourceDate "2025.04.24"]

1. e4 g6 2. d4 Bg7 3. Nc3 d6 4. Be3 a6 5. Bc4 e6 6. Nge2 Ne7 7. Bb3 b6 8. Qd2
h6 9. h4 Nd7 10. h5 g5 11. f4 gxf4 12. Nxf4 Nf6 13. O-O-O Qd7 14. Qe2 Bb7 15.
e5 Nfd5 16. Ncxd5 exd5 17. Qf3 dxe5 18. dxe5 O-O-O 19. Bd4 Qf5 20. g4 Qg5 21.
Kb1 Bxe5 22. Nh3 Qg7 23. Bxe5 Qxe5 24. Rhe1 Qd6 25. Qxf7 Rd7 26. Re6 Qh2 27.
Rxe7 Rxe7 28. Qxe7 Qxh3 29. Qe6+ Kb8 30. Bxd5 Bxd5 31. Qxd5 Qxg4 32. Rf1 Qg5
33. Qxg5 hxg5 34. Rh1 g4 35. Kc1 g3 36. Rg1 Rxh5 37. Rxg3 Kb7 $11 1/2-1/2

[Event "300th YMCA Spring A"]
[Site "Warsaw"]
[Date "2025.05.20"]
[Round "2"]
[White "Pajak, Jakub"]
[Black "Borowy, Cezary"]
[Result "0-1"]
[WhiteElo "1909"]
[BlackElo "2027"]
[PlyCount "60"]
[EventDate "2025.04.25"]
[EventType "tourn"]
[EventRounds "1"]
[EventCountry "POL"]
[SourceDate "2025.04.24"]

1. e4 e6 2. d4 d5 3. Nc3 Nf6 4. Bg5 Be7 5. e5 Nfd7 6. Bxe7 Qxe7 7. f4 a6 8. Nf3
c5 9. Qd2 Nc6 10. O-O-O b5 11. dxc5 Nxc5 12. f5 b4 13. Nxd5 exd5 14. Qxd5 Bb7
15. f6 gxf6 16. exf6 Qe3+ 17. Nd2 Rd8 18. Qh5 Rxd2 19. Rxd2 Ne4 20. Bc4 Qxd2+
21. Kb1 O-O 22. Qg4+ Qg5 23. Qxe4 Na5 24. Bxf7+ Rxf7 25. Qe8+ Rf8 26. Qe6+ Kh8
27. f7 Bd5 28. Qxa6 Bxf7 29. Rg1 Nc4 30. Qb7 Qd5 0-1

[Event "300th YMCA Spring A"]
[Site "Warsaw"]
[Date "2025.05.08"]
[Round "3"]
[White "Choroszej, Aleksander"]
[Black "Pajak, Jakub"]
[Result "0-1"]
[WhiteElo "2033"]
[BlackElo "1909"]
[PlyCount "100"]
[EventDate "2025.04.25"]
[EventType "tourn"]
[EventRounds "1"]
[EventCountry "POL"]
[SourceDate "2025.04.24"]

1. d4 Nf6 2. c4 g6 3. Nc3 Bg7 4. e4 d6 5. f4 O-O 6. Nf3 c5 7. d5 e6 8. Be2 exd5
9. cxd5 Nbd7 10. O-O Re8 11. Qc2 Qc7 12. Kh1 a6 13. a4 c4 14. Be3 Rb8 15. Rae1
b5 16. axb5 axb5 17. Nd4 Ba6 18. Nc6 Ra8 19. Bf3 Nb8 20. Nb4 Qa5 21. Nxa6 Nxa6
22. Bd4 Nb4 23. Qd2 Nd3 24. Re2 b4 25. Nd1 b3 26. Bc3 Qc5 27. h3 Ra1 28. Kh2
Rea8 29. g3 h5 30. Qe3 Qxe3 31. Nxe3 Rxf1 32. Nxf1 Ng4+ 33. hxg4 Bxc3 34. Ne3
hxg4 35. Bxg4 Nxb2 36. Kh3 Bd4 37. e5 dxe5 38. fxe5 Bxe3 39. e6 Nd1 40. e7 Nf2+
41. Kh4 Nxg4 42. Kxg4 f5+ 43. Kf3 Kf7 44. Kxe3 c3 45. Kd3 c2 46. Kd2 Rc8 47.
Re1 c1=Q+ 48. Rxc1 Rxc1 49. e8=Q+ Kxe8 50. Kxc1 Kd7 0-1

[Event "300th YMCA Spring A"]
[Site "Warsaw"]
[Date "2025.05.09"]
[Round "3"]
[White "Flis, Piotr"]
[Black "Korsun, Wadym"]
[Result "1/2-1/2"]
[WhiteElo "2072"]
[BlackElo "1867"]
[PlyCount "98"]
[EventDate "2025.04.25"]
[EventType "tourn"]
[EventRounds "1"]
[EventCountry "POL"]
[SourceDate "2025.04.24"]

1. Nf3 Nf6 2. c4 d6 3. d4 g6 4. Nc3 Bg7 5. g3 O-O 6. Bg2 c5 7. O-O Nc6 8. dxc5
dxc5 9. Bf4 Be6 10. Ne5 Nh5 11. Nxc6 bxc6 12. Be3 Qa5 13. Bxc6 Rab8 14. Qa4
Qxa4 15. Nxa4 Bxb2 16. Nxb2 Rxb2 17. Bxc5 Bxc4 18. Bf3 Bxe2 19. Bxe2 Rxe2 20.
Rfe1 Rxe1+ 21. Rxe1 a6 22. Rxe7 Ra8 23. Bd4 Ng7 24. Rb7 Nf5 25. Be5 Re8 26. Bc3
Rc8 27. Bf6 Ra8 28. Rb6 Kf8 29. Kf1 Ke8 30. g4 Ne7 31. Rd6 Ng8 32. Bh4 Ne7 33.
Ke2 a5 34. a4 Rc8 35. Kd3 Rc1 36. Bxe7 Kxe7 37. Rd5 Rh1 38. Rxa5 Rxh2 39. Ke3
h5 40. gxh5 gxh5 41. Ra6 Kf8 42. Kf3 Kg7 43. Kg3 Rh1 44. Kf4 h4 45. Ra5 Rf1 46.
f3 h3 47. Rh5 Ra1 48. a5 h2 49. Rxh2 Rxa5 $11 1/2-1/2

[Event "300th YMCA Spring A"]
[Site "Warsaw"]
[Date "2025.05.09"]
[Round "3"]
[White "Polak, Michal"]
[Black "Rozycki, Bartlomiej"]
[Result "1/2-1/2"]
[WhiteElo "2031"]
[BlackElo "2113"]
[PlyCount "56"]
[EventDate "2025.04.25"]
[EventType "tourn"]
[EventRounds "1"]
[EventCountry "POL"]
[SourceDate "2025.04.24"]

1. e4 c5 2. Nf3 d6 3. d4 cxd4 4. Nxd4 Nf6 5. Nc3 Nc6 6. Bg5 e6 7. Qd2 Be7 8. f3
Nxd4 9. Qxd4 a6 10. a4 O-O 11. Be2 d5 12. Rd1 Qc7 13. exd5 Nxd5 14. Nxd5 exd5
15. Bxe7 Qxe7 $11 16. Kf2 Bf5 17. c3 Qc7 18. Bd3 Bxd3 19. Rxd3 Rfe8 20. g3 Re5
21. Re3 Rxe3 22. Qxe3 Qc4 23. Rd1 Qxa4 24. Rxd5 Re8 25. Re5 Rd8 26. b3 Qa2+ 27.
Qe2 Qxe2+ 28. Kxe2 Kf8 $11 1/2-1/2

[Event "300th YMCA Spring A"]
[Site "Warsaw"]
[Date "2025.05.09"]
[Round "3"]
[White "Lewandrowski, Tomasz"]
[Black "Mazurek, Jerzy"]
[Result "1-0"]
[WhiteElo "1992"]
[BlackElo "1895"]
[PlyCount "73"]
[EventDate "2025.04.25"]
[EventType "tourn"]
[EventRounds "1"]
[EventCountry "POL"]
[SourceDate "2025.04.24"]

1. d4 d5 2. Nc3 c5 3. Bf4 Nf6 4. e4 dxe4 5. dxc5 Nc6 6. Qxd8+ Nxd8 7. O-O-O Ne6
8. Be3 Bd7 9. Bc4 Rc8 10. Bxe6 Bxe6 11. Nge2 Bg4 12. Rhe1 e6 13. b4 a6 14. Rd4
e5 15. Rd2 Bxe2 16. Rexe2 a5 17. a3 axb4 18. axb4 b6 19. Na4 bxc5 20. Bxc5 Bxc5
21. Nxc5 O-O 22. Kb2 Rfe8 23. Nxe4 Nxe4 24. Rxe4 f5 25. Re3 Rc7 26. Kb3 Kf7 27.
c4 Kf6 28. c5 Re6 29. Kc4 e4 30. f3 exf3 31. Rxe6+ Kxe6 32. gxf3 g5 33. Re2+
Kf6 34. b5 g4 35. fxg4 fxg4 36. b6 Rc8 37. b7 1-0

[Event "300th YMCA Spring A"]
[Site "Warsaw"]
[Date "2025.05.09"]
[Round "3"]
[White "Moskwinski, Marek"]
[Black "Sternik, Piotr"]
[Result "1-0"]
[WhiteElo "1890"]
[BlackElo "1901"]
[PlyCount "61"]
[EventDate "2025.04.25"]
[EventType "tourn"]
[EventRounds "1"]
[EventCountry "POL"]
[SourceDate "2025.04.24"]

1. e4 e5 2. Nf3 Nf6 3. Nxe5 d6 4. Nf3 Nxe4 5. d4 d5 6. Bd3 Bd6 7. c4 c6 8. O-O
O-O 9. Re1 Re8 10. Nc3 Nxc3 11. bxc3 Rxe1+ 12. Qxe1 h6 13. Ne5 Nd7 14. Bf4 Nxe5
15. Bxe5 Be6 $11 16. c5 Bc7 17. Rb1 b6 18. cxb6 axb6 19. Rb2 b5 20. Bb1 Ba5 21.
Qe3 Qg5 22. Re2 Qxe3 23. Rxe3 b4 24. cxb4 Bxb4 25. Rb3 c5 $11 26. Bd6 Rc8 27.
h3 Rc6 28. dxc5 Bxc5 29. Rb8+ Bc8 30. Bxc5 Rxc5 31. Bf5 1-0

[Event "300th YMCA Spring A"]
[Site "Warsaw"]
[Date "2025.05.16"]
[Round "4"]
[White "Mazurek, Jerzy"]
[Black "Moskwinski, Marek"]
[Result "1-0"]
[WhiteElo "1895"]
[BlackElo "1890"]
[PlyCount "111"]
[EventDate "2025.04.25"]
[EventType "tourn"]
[EventRounds "1"]
[EventCountry "POL"]
[SourceDate "2025.04.24"]

1. e4 e5 2. Nf3 Nc6 3. Bb5 Bc5 4. c3 f5 5. d4 fxe4 6. dxc5 exf3 7. Qxf3 Nf6 8.
Bc4 Qe7 9. Be3 b6 10. b4 Bb7 11. Qe2 Nd8 12. O-O Ne6 13. Na3 bxc5 14. bxc5 O-O
15. Nb5 Bd5 16. Rad1 Bxc4 17. Qxc4 Kh8 18. Rfe1 a6 19. Na3 Rfc8 20. Nb1 Rab8
21. Nd2 d5 22. cxd6 cxd6 23. Qxa6 Ra8 24. Qd3 d5 25. Qf5 e4 26. Qe5 Rxa2 27.
Nb3 Kg8 28. Nd4 Re8 29. Nf5 Qc7 30. Qxc7 Nxc7 31. Bd4 Rea8 32. Ne3 R8a3 33. Be5
Nb5 34. Nxd5 Kf7 35. c4 Nxd5 36. cxb5 Nc3 37. Bxc3 Rxc3 38. Rb1 Rcc2 39. Rxe4
Rxf2 40. Rg4 h5 41. Rg5 Kf6 42. h4 g6 43. Rc1 Rfc2 44. Rxc2 Rxc2 45. g3 Rb2 46.
Kf1 Ke7 47. Ke1 Kd7 48. Kd1 Kc7 49. Kc1 Rb4 50. Kd2 Kd7 51. Ke3 Ke7 52. Kd3 Kd7
53. Kc3 Rb1 54. Kc4 Rc1+ 55. Kb4 Rb1+ 56. Kc5 1-0

[Event "300th YMCA Spring A"]
[Site "Warsaw"]
[Date "2025.04.24"]
[Round "4"]
[White "Rozycki, Bartlomiej"]
[Black "Lewandrowski, Tomasz"]
[Result "1-0"]
[WhiteElo "2113"]
[BlackElo "1992"]
[PlyCount "83"]
[EventDate "2025.04.25"]
[EventType "tourn"]
[EventRounds "1"]
[EventCountry "POL"]
[SourceDate "2025.04.24"]

1. e4 c5 2. Nf3 Nc6 3. d4 cxd4 4. Nxd4 e5 5. Nb5 d6 6. c4 g6 7. Bd3 Be6 8. N5c3
Bg7 9. Nd5 Nf6 10. Bg5 O-O 11. Qd2 Bxd5 12. cxd5 Nd4 13. O-O Qd7 14. Nc3 Nh5
15. Rae1 Rac8 16. Ne2 Nxe2+ 17. Rxe2 Rc7 18. Be3 a6 19. Rc1 Rfc8 20. Ree1 Bf6
21. Be2 Ng7 22. b3 Rxc1 23. Rxc1 Rxc1+ 24. Qxc1 Bd8 25. Qc3 f5 26. f3 fxe4 27.
fxe4 Ne8 28. h3 Nf6 29. Bf3 Kg7 30. a4 a5 31. Qc4 Qc7 32. Qxc7+ Bxc7 33. Kf2
Nd7 34. Ke2 b6 35. Kd3 Nc5+ 36. Kc4 Kf6 37. Bxc5 bxc5 38. Kb5 Bd8 39. Kc6 Be7
40. Kd7 h5 41. Ke8 h4 42. Bg4 1-0

[Event "300th YMCA Spring A"]
[Site "Warsaw"]
[Date "2025.05.16"]
[Round "4"]
[White "Korsun, Wadym"]
[Black "Polak, Michal"]
[Result "1-0"]
[WhiteElo "1867"]
[BlackElo "2031"]
[PlyCount "71"]
[EventDate "2025.04.25"]
[EventType "tourn"]
[EventRounds "1"]
[EventCountry "POL"]
[SourceDate "2025.04.24"]

1. e4 e5 2. Nf3 Nc6 3. Bb5 a6 4. Ba4 Nf6 5. d3 b5 6. Bb3 Bc5 7. O-O d6 8. c3
Bb6 9. Re1 h6 10. h3 O-O 11. a4 Rb8 12. d4 Bb7 13. Bc2 exd4 14. Nxd4 Re8 15.
axb5 axb5 16. Nxb5 d5 17. Bf4 Qe7 18. N1a3 Nxe4 19. Bxe4 dxe4 20. Nc4 Bxf2+ 21.
Kxf2 Qc5+ 22. Nd4 Qxc4 23. Bxc7 Nxd4 24. Bxb8 Nf5 25. Ba7 e3+ 26. Kg1 Qc6 27.
Qc2 Re6 28. Re2 Nh4 29. Rd1 Rg6 30. Rd8+ Kh7 31. Rxe3 Nxg2 32. Rg3 Nf4 33. Rxg6
Qh1+ 34. Kf2 Qf3+ 35. Ke1 Qe3+ 36. Bxe3 1-0

[Event "300th YMCA Spring A"]
[Site "Warsaw"]
[Date "2025.05.02"]
[Round "4"]
[White "Pajak, Jakub"]
[Black "Flis, Piotr"]
[Result "1/2-1/2"]
[WhiteElo "1909"]
[BlackElo "2072"]
[PlyCount "44"]
[EventDate "2025.04.25"]
[EventType "tourn"]
[EventRounds "1"]
[EventCountry "POL"]
[SourceDate "2025.04.24"]

1. e4 e6 2. d4 d5 3. Nc3 Nf6 4. Bg5 Bb4 5. exd5 Qxd5 6. Bxf6 Bxc3+ 7. bxc3 gxf6
8. Qf3 Qxf3 9. Nxf3 b6 10. g3 Bb7 11. Bg2 Nd7 12. O-O-O O-O 13. Ne1 Bxg2 14.
Nxg2 $11 Rfd8 15. h4 f5 16. Ne3 Nf6 17. f3 Nd5 18. Nxd5 Rxd5 19. Rd3 Rad8 20.
Rhd1 h5 21. c4 R5d7 22. Kb2 c6 $11 1/2-1/2

[Event "300th YMCA Spring A"]
[Site "Warsaw"]
[Date "2025.05.15"]
[Round "4"]
[White "Borowy, Cezary"]
[Black "Choroszej, Aleksander"]
[Result "1/2-1/2"]
[WhiteElo "2027"]
[BlackElo "2033"]
[PlyCount "137"]
[EventDate "2025.04.25"]
[EventType "tourn"]
[EventRounds "1"]
[EventCountry "POL"]
[SourceDate "2025.04.24"]

1. d4 g6 2. c4 Bg7 3. Nc3 d6 4. e4 Nf6 5. Be2 O-O 6. Nf3 e5 7. O-O Nc6 8. d5
Ne7 9. b4 Nh5 10. Re1 f5 11. Ng5 Nf6 12. Bf3 h6 13. Ne6 Bxe6 14. dxe6 c6 15.
Bb2 fxe4 16. Nxe4 Nxe4 17. Rxe4 Nf5 18. b5 Rc8 19. bxc6 bxc6 20. Re1 Qf6 21. c5
Nh4 22. cxd6 Nxf3+ 23. Qxf3 Qxe6 24. Qb3 Qxb3 25. axb3 Rfd8 26. Rxa7 Rxd6 27.
Rxg7+ Kxg7 28. Bxe5+ Rf6 29. Re3 Kf7 30. Bxf6 Kxf6 31. g4 Rb8 32. Kg2 c5 33.
Kg3 Rb4 34. Rc3 Ke5 35. Rxc5+ Kf6 36. Rc6+ Kf7 37. Rc3 Kf6 38. f3 Ke6 39. h3
Kf6 40. h4 Ke6 41. Kf2 Kf6 42. Rd3 Ke6 43. Re3+ Kf6 44. Ke2 h5 45. Kd2 hxg4 46.
Kc3 Rf4 47. fxg4 Rxg4 48. Rh3 Ke5 49. h5 gxh5 50. Rxh5+ Kd6 51. Kb2 Kc6 52. Ka3
Kb6 53. Rh8 Rf4 54. Rb8+ Ka6 55. Rc8 Kb6 56. Rd8 Rg4 57. Kb2 Rg3 58. Rd4 Kb5
59. Ka3 Rf3 60. Rg4 Rh3 61. Rg5+ Kb6 62. Ka4 Rh6 63. b4 Rf6 64. Rg4 Rh6 65. Rg8
Rf6 66. Rb8+ Ka7 67. Rd8 Kb6 68. Rd5 Rh6 69. Re5 1/2-1/2

[Event "300th YMCA Spring A"]
[Site "Warsaw"]
[Date "2025.05.28"]
[Round "5"]
[White "Flis, Piotr"]
[Black "Borowy, Cezary"]
[Result "0-1"]
[WhiteElo "2072"]
[BlackElo "2027"]
[PlyCount "57"]
[EventDate "2025.04.25"]
[EventType "tourn"]
[EventRounds "1"]
[EventCountry "POL"]
[SourceDate "2025.04.24"]

1. e4 d5 2. exd5 Qxd5 3. Nc3 Qd6 4. d4 Nf6 5. Nf3 a6 6. g3 Bg4 7. h3 Bxf3 8.
Qxf3 Nc6 9. d5 Nb4 10. Bf4 e5 11. Qe2 Nxc2+ 12. Qxc2 exf4 13. Qa4+ Nd7 14.
O-O-O O-O-O 15. gxf4 Nb6 16. Qe4 Qf6 17. f5 Bc5 18. Qf3 Bb4 19. Kc2 Bxc3 20.
bxc3 Qd6 21. c4 Qc5 22. Qe3 Qa5 23. Qb3 Rhe8 24. Rd2 Qc5 25. Kd1 Re4 26. Bd3
Rf4 27. Rf1 Nxc4 28. Rc2 Qxd5 29. Ke2 0-1

[Event "300th YMCA Spring A"]
[Site "Warsaw"]
[Date "2025.06.03"]
[Round "5"]
[White "Polak, Michal"]
[Black "Pajak, Jakub"]
[Result "1-0"]
[WhiteElo "2031"]
[BlackElo "1909"]
[PlyCount "45"]
[EventDate "2025.04.25"]
[EventType "tourn"]
[EventRounds "1"]
[EventCountry "POL"]
[SourceDate "2025.04.24"]

1. e4 c5 2. Nf3 Nc6 3. Bb5 e6 4. Bxc6 bxc6 5. b3 d5 6. d3 Nf6 7. Qe2 Ba6 8. c4
Be7 9. O-O O-O 10. Nc3 Re8 11. h3 Qc7 12. Re1 Bf8 13. Bg5 d4 14. Bxf6 gxf6 15.
Na4 Bd6 16. e5 fxe5 17. Nxe5 f6 18. Ng4 Kg7 19. g3 f5 20. Ne5 Kf6 21. f4 Rg8
22. Kh2 Qg7 23. Ng4+ 1-0

[Event "300th YMCA Spring A"]
[Site "Warsaw"]
[Date "2025.05.23"]
[Round "5"]
[White "Lewandrowski, Tomasz"]
[Black "Korsun, Wadym"]
[Result "0-1"]
[WhiteElo "1992"]
[BlackElo "1867"]
[PlyCount "162"]
[EventDate "2025.04.25"]
[EventType "tourn"]
[EventRounds "1"]
[EventCountry "POL"]
[SourceDate "2025.04.24"]

1. d4 Nf6 2. Nc3 d5 3. Bf4 c6 4. e3 Bf5 5. Nf3 e6 6. a3 h6 7. Ne5 Nbd7 8. g4
Bh7 9. h4 Nxe5 10. Bxe5 Bd6 11. Bxf6 Qxf6 12. Bd3 Bxd3 13. Qxd3 e5 14. O-O-O
O-O-O 15. Kb1 Kb8 16. dxe5 Bxe5 17. f4 Bxc3 18. g5 Qe7 19. Qxc3 g6 20. Rdf1
Rde8 21. Rh3 Qd7 22. Rhf3 Qf5 23. a4 h5 24. a5 a6 25. R3f2 Rhg8 26. Rd1 Re4 27.
Rd4 Rge8 28. Rxe4 Qxe4 29. f5 Qxh4 30. Rf4 Qxg5 31. fxg6 Qxg6 32. Ka2 Qe6 33.
Rf6 Qe7 34. Qd4 Qxe3 35. Qxe3 Rxe3 36. Rxf7 Rh3 37. b4 h4 38. Rh7 Rh1 39. Rh8+
Ka7 40. Kb2 h3 41. Ka2 Rh2 42. Kb2 Rh1 43. Ka2 h2 44. Kb2 d4 45. Ka2 b5 46. Kb2
Kb7 47. Rh7+ Kc8 48. Rh4 Kc7 49. Rh6 Kd7 50. Ka2 Ke7 51. Kb2 Kf7 52. Ka2 Kg7
53. Rh4 Kf6 54. Rxd4 Ra1+ 55. Kxa1 h1=Q+ 56. Kb2 Ke5 57. Rd3 Qe1 58. Kb3 Qb1+
59. Kc3 Qa1+ 60. Kd2 Qa4 61. c3 c5 62. bxc5 Qxa5 63. Rd4 Qa3 64. c6 Qc5 65. Kc2
Qxc6 66. Kb3 a5 67. Rh4 Qf3 68. Rd4 Qf1 69. Rd2 Qc4+ 70. Kb2 a4 71. Rc2 Ke4 72.
Rc1 Kd3 73. Rd1+ Ke2 74. Rc1 Kd2 75. Rc2+ Kd3 76. Ka1 Qxc3+ 77. Rxc3+ Kxc3 78.
Kb1 b4 79. Kc1 b3 80. Kb1 b2 81. Ka2 Kc2 0-1